| 000 | 00000nam##2200000za#4500 |
| 001 | 9.530017 |
| 003 | CaOODSP |
| 005 | 20220405154829 |
| 007 | ta |
| 008 | 150406|1997||||xxc||||| f|0| 0 fre|d |
| 022 | |a0226-4587 |
| 040 | |aCaOODSP|bfre |
| 041 | |aeng |
| 041 | |afre |
| 043 | |an-cn--- |
| 086 | 1 |aP29-001-040-1997 |
| 110 | 2 |aOffice des normes générales du Canada. |
| 245 | 10|aPeinture pour couche primaire anticorrosion, aux résines alkydes, pour acier de construction |
| 260 | |aOttawa - Ontario : |bOffice des normes générales du Canada |cNovembre 1997. |
| 300 | |aTexte français, 3p. : |bréférences ; |c28 cm. |
| 490 | 1 |aNorme nationale du Canada |x0226-4587 |vCAN/CGSB-1.40-97 |
| 500 | |aRemplace: CAN/CGSB-1.40-M89 |
| 546 | |aBilingue |
| 563 | |aCouverture souple |
| 590 | |a97-51|b1997-12-19 |
| 691 | 07|aProduit industriel|2gcpds |
| 791 | |tAnticorrosive structural steel alkyd primer |eeng|w(CaOODSP)9.530016 |
| 830 | #0|aNorme nationale du Canada,|x0226-4587 |vCAN/CGSB-1.40-97|w(CaOODSP)9.509559 |
| 986 | |aNorme nationale du Canada |